000 00373cam a2200145ua 4500
082 _a591
_bHUN/PR
100 _aHunt, Lionel Charles .
_91651
245 _aPree-Degree Zoology /
250 _a2 /
260 _aCochin :
_bAcademic Publisehrs ,
_c1972.
300 _a356 ; .
700 1 _aRabindranath, P .
_91652
700 1 _aVijayamadhavan, K T .
_91653
942 _cBK
999 _c7219
_d7219